| 000 | 00600nam a22001697a 4500 | ||
|---|---|---|---|
| 082 |
_a892.43101 _bWQA |
||
| 100 | _aAzeem, Professor Syed Waqar | ||
| 245 |
_aManto ka fun/ _cProfessor Syed Waqar Azeem |
||
| 260 |
_aLahore; _bAl waqar publication, _c2016. |
||
| 300 |
_a93p.: _c25cm. |
||
| 563 | _aHB | ||
| 650 |
_aUrdu story _9129479 |
||
| 880 |
_6100-01\(3\r _aپروفیسر سید وقار عظیم |
||
| 880 |
_6245-02\(3\r _aمنٹو کا فن/ _bپروفیسر سید وقار عظیم |
||
| 880 |
_6260-03\(3\r _aلاہور: _bالوقار پبلیکیشنز, _c2016. |
||
| 942 |
_2ddc _cBK |
||
| 999 |
_c614143 _d614143 |
||